Mayo documental
Guardat en:
| Format: | Llibre |
|---|---|
| Idioma: | espanyol |
| Publicat: |
Buenos Aires
Universidad de Buenos Aires
1961
|
| Col·lecció: | Documento Para la Historia Argentina, 29
|
| Matèries: | |
| Etiquetes: |
Afegir etiqueta
Sense etiquetes, Sigues el primer a etiquetar aquest registre!
|
MARC
| LEADER | 00000nam a2200000 a 4500 | ||
|---|---|---|---|
| 001 | UCO3190 | ||
| 003 | CL-VaPUC | ||
| 008 | 000714e19610000AG |||||||||||||||||spa|d | ||
| 082 | 0 | 4 | |a 982.03 |b MAY |2 21 |
| 245 | 1 | 0 | |a Mayo documental |
| 300 | |a 3 v | ||
| 942 | |c BK | ||
| 945 | |d 20000714 00:00:00 |a rherrera | ||
| 260 | |a Buenos Aires |b Universidad de Buenos Aires |c 1961 | ||
| 650 | 7 | |a HISTORIA DE ARGENTINA SIGLO 19 |2 CL-VaPUC |9 378483 | |
| 650 | 7 | |a REVOLUCION DE MAYO |2 CL-VaPUC |9 398459 | |
| 650 | 7 | |a INDEPENDENCIA DE ARGENTINA |2 CL-VaPUC |9 447114 | |
| 651 | 0 | |a Argentina |9 254888 | |
| 583 | |a last modification |c 20160829 03:32:38 |k Rodrigo Vera | ||
| 490 | 0 | |a Documento Para la Historia Argentina, 29 | |
| 999 | |c 289660 |d 289658 | ||
| 952 | |0 0 |1 0 |4 0 |6 982_030000000000000_MAY_1961 |7 0 |8 A |9 338238 |a BIBHIS |b BIBHIS |d 2019-11-20 |h v.1 |i 1298135 |o 982.03 MAY 1961 |p 1298135 |r 2025-01-20 |w 2019-11-20 |y BK |k HIS | ||
| 952 | |0 0 |1 0 |4 0 |6 982_030000000000000_MAY_1961 |7 0 |8 A |9 338239 |a BIBHIS |b BIBHIS |d 2019-11-20 |h v.2 |i 1298143 |o 982.03 MAY 1961 |p 1298143 |r 2025-01-20 |w 2019-11-20 |y BK |k HIS | ||
| 952 | |0 0 |1 0 |4 0 |6 982_030000000000000_MAY_1961 |7 0 |8 A |9 338240 |a BIBHIS |b BIBHIS |d 2019-11-20 |h v.3 |i 1298151 |o 982.03 MAY 1961 |p 1298151 |r 2025-01-20 |w 2019-11-20 |y BK |k HIS | ||